Social action book review supplement (Record no. 173094)

MARC details
000 -LEADER
fixed length control field 00561nam a2200217Ia 4500
003 - CONTROL NUMBER IDENTIFIER
control field OSt
005 - DATE AND TIME OF LATEST TRANSACTION
control field 20230627153812.0
008 - FIXED-LENGTH DATA ELEMENTS--GENERAL INFORMATION
fixed length control field 210423s9999 xx 000 0 und d
040 ## - CATALOGING SOURCE
Transcribing agency AL
041 ## - LANGUAGE CODE
Language code of text/sound track or separate title eng
082 ## - DEWEY DECIMAL CLASSIFICATION NUMBER
Classification number 028.1
Edition number 23
Item number KANS
100 ## - MAIN ENTRY--PERSONAL NAME
Personal name KANANAIKIL (Jose),Ed
9 (RLIN) 113335
245 ## - TITLE STATEMENT
Title Social action book review supplement
260 ## - PUBLICATION, DISTRIBUTION, ETC.
Name of publisher, distributor, etc. Indian Social Institute
Date of publication, distribution, etc. 2021
365 ## - TRADE PRICE
Currency code INR
440 ## - SERIES STATEMENT/ADDED ENTRY--TITLE
Volume/sequential designation 7,1
650 ## - SUBJECT ADDED ENTRY--TOPICAL TERM
Topical term or geographic name entry element General
9 (RLIN) 113336
650 ## - SUBJECT ADDED ENTRY--TOPICAL TERM
Topical term or geographic name entry element Library Science
9 (RLIN) 113337
906 ## - LOCAL DATA ELEMENT F, LDF (RLIN)
a action ; review ; Social ; supplement
942 ## - ADDED ENTRY ELEMENTS (KOHA)
Source of classification or shelving scheme Dewey Decimal Classification
Koha item type Book
Holdings
Withdrawn status Lost status Damaged status Not for loan Collection code Home library Current library Date acquired Total Checkouts Full call number Barcode Date last seen Price effective from Koha item type
        MSW St Aloysius PG Library St Aloysius PG Library 04/26/2021   028.1 KANS PG019673 08/24/2022 04/26/2021 Book
        MSW St Aloysius PG Library St Aloysius PG Library 04/26/2021   028.1 KANS PG019674 08/24/2022 04/26/2021 Book
        MSW St Aloysius PG Library St Aloysius PG Library 04/26/2021   028.1 KANS PG019675 08/24/2022 04/26/2021 Book
        MSW St Aloysius PG Library St Aloysius PG Library 04/26/2021   028.1 KANS PG019676 08/24/2022 04/26/2021 Book
        MSW St Aloysius PG Library St Aloysius PG Library 04/26/2021   028.1 KANS PG019677 08/24/2022 04/26/2021 Book
        MSW St Aloysius PG Library St Aloysius PG Library 04/26/2021   028.1 KANS PG019678 08/24/2022 04/26/2021 Book